Alexandra Daddario Filmography - Statistics

General Stats
  • This quiz has been taken 44 times
    13 since last reset
  • The average score is 23 of 73
Answer Stats
Type Year Name % Correct
Film 2017 Baywatch
73%
Film 2013 Percy Jackson: Sea of Monsters
73%
Film 2010 Percy Jackson & the Olympians: The Lightning Thief
73%
TV Show 2014 True Detective
55%
TV Show 2012 It's Always Sunny in Philadelphia
45%
TV Show 2023-Present Mayfair Witches
45%
Film 2015 San Andreas
45%
TV Show 2021 The White Lotus
45%
TV Show 2015 American Horror Story
36%
Film 2025 A Tree Fell in the Woods
36%
Film 2019 Can You Keep a Secret?
36%
Film 2011 Hall Pass
36%
Film 2026 Hershey
36%
Film 2024 Justice League: Crisis on Infinite Earths - Part One
36%
Film 2024 Justice League: Crisis on Infinite Earths - Part Three
36%
TV Show 2004, 2006 Law & Order
36%
TV Show 2011-2012 Parenthood
36%
Film 2013 Texas Chainsaw
36%
Film 2017 The Layover
36%
Film 2019 We Summon the Darkness
36%
TV Show 2009-2011 White Collar
36%
Film 2020 1 Night in San Diego
27%
TV Show 2002-2003 All My Children
27%
Film 2016 Baked in Brooklyn
27%
Video Game 2015 Battlefield: Hardline
27%
Film 2010 Bereavement
27%
Film 2014 Burying the Ex
27%
Web Series 2022 Carpool Karaoke
27%
TV Show 2024 Chrissy & Dave Dine Out
27%
TV Show 2006 Conviction
27%
TV Show 2009 Damages
27%
Film 2021 Die in a Gunfight
27%
Film TBA Double Booked
27%
TV Show 2017 Do You Want to See a Dead Body?
27%
Short Film 2015 Faces Without Eyes
27%
Film TBA Happy Life
27%
Film 2024 I Wish You All the Best
27%
Concert Film 2009 Jonas Brothers: The 3D Concert Experience
27%
Web Series 2023 Koala Man
27%
TV Show 2005, 2009 Law & Order: Criminal Intent
27%
Short Film 2013 Life in Text
27%
TV Show 2009 Life on Mars
27%
Film 2020 Lost Girls and Love Hotels
27%
Film 2019 Lost Transmissions
27%
TV Show 2014 Married
27%
Video Game 2016 Marvel Avengers Academy
27%
TV Show 2014 New Girl
27%
Film 2018 Night Hunter
27%
TV Show 2009 Nurse Jackie
27%
TV Pilot 2010 Odd Jobs
27%
Short Film 2006 Pitch
27%
Music Video 2012 Radioactive
27%
TV Show 2016 Robot Chicken
27%
Film 2020 Songbird
27%
Film 2020 Superman: Man of Tomorrow
27%
Film 2007 The Attic
27%
Film 2007 The Babysitters
27%
Film 2016 The Choice
27%
TV Show 2021 The Girlfriend Experience
27%
Film 2006 The Hottest State
27%
Film 2017 The House
27%
TV Show 2015 The Last Man on Earth
27%
TV Show 2006 The Sopranos
27%
Film 2005 The Squid and the Whale
27%
Commercial 2003 Verizon
27%
Music Video 2018 Wait
27%
Film 2018 We Have Always Lived in the Castle
27%
Music Video 2019 Whenever You're Around
27%
Film 2018 When We First Met
27%
Web Series 2019 Why Women Kill
27%
Film 2022 Wildflower
27%
TV Show 2016 Workaholics
27%
Commercial 2008-2009 Yellowbook
27%
No matching quizzes found
Score Distribution
Percent of People with Each Score
Percentile by Number Answered
Your Score History
You have not taken this quiz since the last reset